000 00442nam a2200181Ia 4500
001 3075
005 20260306144854.0
008 260306t2004||||xx |||||||||||||| ||spa||
041 _aESP
082 _a248.47
_bM36
100 _aMedina Estévez, Jorge
_eAUT
245 0 _aReflexiones sobre la castidad en el siglo XXI
260 _c2004
300 _a18 páginas :
_c18 cm.
650 _aGEN
654 _aCHU
942 _cLIB
_dJUS
_fJUS
_2ddc
_n
999 _c3075
_d3075